000 00787nam0a22002171 4500
001 rc\2342
005 20250620111137.0
035 _a(NLR Aleph) 005292832
090 _a6208127
_c6208127
100 _a20021204d1996 |||y0rusy50 ca
101 0 _arus
102 _aRU
105 _aa |||||||||
200 1 _aАвтоматизация учета в опте
_eУчеб. пособие
_eВерсия KSU0825А/2.0
_fЦентросоюз РФ, Моск. ун-т потреб. кооперации, НИИ потреб. кооперации
_g[Сост. Киселев Н.И., Левашко Ю.С.]
210 _aМ.
_cВИНИТИ
_d1996
215 _a111 с.
_cсхем.
_d21
801 0 _aRU
_bNLR
_gpsbo
801 1 _aRU
_bELAR
_2rusmarc
852 _aNLR
_j96-3/5248
942 _cBOOK
980 _aNB